000
00295nam a2200121Ia 4500
008
190216s9999||||xx |||||||||||||| ||und||
100
_a
Dr.Rahul
245
0
_a
Hindi-Rajabhasha Hindi Manak Tippar Aur Patrachar
260
_b
Neeraj Books
_c
2008
300
_a
300
650
_a
Hindi
942
_c
BK
999
_c
16600
_d
16600